Normal view MARC view
  • M. Joseph Oberto

Entry Personal Name

Number of records used in: 1

001 - CONTROL NUMBER

  • control field: 35239

003 - CONTROL NUMBER IDENTIFIER

  • control field: IT-RoPau

005 - DATE AND TIME OF LATEST TRANSACTION

  • control field: 20150707223817.0

008 - FIXED-LENGTH DATA ELEMENTS

  • fixed length control field: 150707|| aca||aabn | a|a d

040 ## - CATALOGING SOURCE

  • Original cataloging agency: IT-RoPau
  • Transcribing agency: IT-RoPau

100 ## - HEADING--PERSONAL NAME

  • Personal name: M. Joseph Oberto

670 ## - SOURCE DATA FOUND

  • Source citation: Work cat.: (IT-RoPau)24382: M. Joseph Oberto, Dimensione eucaristica, dimensione liturgica dell’apostolato eucaristico-sacerdotale-liturgico. (Relazione del 10 Aprile 1987) - IV Capitolo Generale, Ariccia 1987
CREDITS: SOCIETA' SAN PAOLO Via A.Severo, 58 - ROMA (RM) & PERIODICI SAN PAOLO SRL Via Giotto, 36 MILANO & CISF Via Giotto, 36 MILANO & EDIZIONI SAN PAOLO SRL,  Piazza Soncino, 5 CINISELLO BALSAMO (MI) -- ITALY